Mobile IP : Design principles and practices

This book introduces the TCP/IP-savvy reader to the design and implementation of Internet protocols useful for maintaining network connections while moving from place to place. It describes the technology that makes mobile networking possible; in particular, it focuses on Mobile IP, the Internet Eng...

תיאור מלא

שמור ב:
מידע ביבליוגרפי
מחבר ראשי: Perkins, Charles E
פורמט: ספר
שפה:Undetermined
יצא לאור: England Addison-Wesley 1998
נושאים:
תגים: הוספת תג
אין תגיות, היה/י הראשונ/ה לתייג את הרשומה!
Thư viện lưu trữ: Trung tâm Học liệu Trường Đại học Cần Thơ
LEADER 01203nam a2200241Ia 4500
001 CTU_152228
008 210402s9999 xx 000 0 und d
020 |c 809838 
082 |a 004.62 
082 |b P448 
100 |a Perkins, Charles E 
245 0 |a Mobile IP : 
245 0 |b Design principles and practices 
245 0 |c Charles E. Perkins 
260 |a England 
260 |b Addison-Wesley 
260 |c 1998 
520 |a This book introduces the TCP/IP-savvy reader to the design and implementation of Internet protocols useful for maintaining network connections while moving from place to place. It describes the technology that makes mobile networking possible; in particular, it focuses on Mobile IP, the Internet Engineering Task Force (IETF) Standard for mobile networking. Written by Charles E. Perkins, a leader in the mobile networking field, this book discusses: mobile IP; route optimization; IP version 6; use of Dynamic Host Configuration Protocol (DHCP)... 
526 |a Mạng không dây và di động 
526 |b CT338 
650 |a Computer networks,Mạng máy tính 
904 |i Thu Ba + Chuyen 
980 |a Trung tâm Học liệu Trường Đại học Cần Thơ